The Ultimate Eurovision Song Contest Quiz 🎤 - Statistics

General Stats
  • This quiz has been taken 90 times
  • The average score is 12 of 15
Answer Stats
Hint Answer % Correct
How many times has the UK won Eurovision? 5
99%
Before 2020, how many times had Eurovision been forced to cancel? 0
95%
How many points did the UK give to ABBA in 1974? 0
95%
How many countries competed in the first ever Eurovision? 7
95%
Which non-European country joined the contest in 2015? Australia
94%
Hard rock band Lordi secured a surprise victory for which country in 2006? Finland
94%
ABBA won Eurovision in 1974, with which song? Waterloo
94%
Which Canadian superstar won Eurovision in 1988, representing Switzerland? Celine Dion
92%
Which country hosted the first ever Eurovision Song Contest in 1956? Switzerland
90%
What is the name of the iconic Austrian act who won in 2014 with the song Rise Like a Phoenix? Conchita Wurst
88%
Which Irish performer is the only person to win Eurovision three times - twice as a singer and once as a songwriter? Johnny Logan
82%
What is the maximum duration for a Eurovision song? 3 mins
77%
Which country has only participated in Eurovision once? Morocco
73%
Which dance troupe shot to fame after providing the interval entertainment in 1994? Riverdance
41%
The UK last hosted Eurovision in 1998 at the Birmingham NEC. Who were our hosts? Terry Wogan and Ulrika Jonsson
15%
No matching quizzes found
Score Distribution
Percent of People with Each Score
Percentile by Number Answered
Your Score History
You have not taken this quiz